History Quiz

Random History or Clickable Quiz

Lesser Known Figures of the US Civil Rights Movement Quiz Stats

 Plays Quiz not verified by Sporcle

Also try: 1920s Blitz
Challenge
Share
Tweet
Embed
Score 0/18 Timer 04:00
0 Plays Today
% Correct
Stokely Carmichael
66%
Bayard Rustin
55.3%
Claudette Colvin
53.2%
Fred Hampton
53.2%
Joseph McNeil
48.9%
James Forman
46.8%
Ella Baker
44.7%
Fannie Lou Hamer
44.7%
James Reeb
44.7%
% Correct
Dorothy Height
42.6%
Daisy Bates
42.6%
Autherine Lucy
40.4%
Diane Nash
40.4%
Elaine Brown
40.4%
Pauli Murray
38.3%
Melnea Cass
31.9%
Bob Moses
27.7%
Al Raby
27.7%

You're not logged in!

Compare scores with friends on all Sporcle quizzes.
Join for Free
OR
Log In

You Might Also Like...

Show Comments

Extras

Top Quizzes Today


Score Distribution

Your Account Isn't Verified!

In order to create a playlist on Sporcle, you need to verify the email address you used during registration. Go to your Sporcle Settings to finish the process.

Report this User

Report this user for behavior that violates our Community Guidelines.

Details: